000 00515nam a2200193Ia 4500
003 GCL
008 140319s9999 xx 000 0 eng d
020 _a1853916269
040 _aGCL /
_cGCL
082 0 4 _a745.5
_bL G
100 1 _aLONDON, JULIE
245 1 0 _aGARDEN PROJECTS IN A WEEKEND /
_cLONDON, JULIE
260 _aانجلترا :
_bMEREHURST ،
_c2002
300 _a25 CM ؛
_c80 P
650 0 4 _aHANDICRAFTS
650 0 4 _aDECORATIVE ARTS
650 0 4 _aGARDEN ORNAMENTS AND FURNITURE
942 _2ddc
_cBK
999 _c2741
_d2741